<?xml version="1.0" encoding="UTF-8"?>
<marc:record xmlns:marc="http://www.loc.gov/MARC21/slim">
   <marc:leader>00000nam a2200000 a 4500</marc:leader>
   <marc:datafield ind1="1" ind2=" " tag="100">
      <marc:subfield code="a">Becker, Rolf</marc:subfield>
      <marc:subfield code="4">ctb</marc:subfield>
      <marc:subfield code="e">Mitwirkende/-r</marc:subfield>
   </marc:datafield>
   <marc:datafield ind1="1" ind2=" " tag="100">
      <marc:subfield code="a">Hinz, Antje</marc:subfield>
      <marc:subfield code="4">ctb</marc:subfield>
      <marc:subfield code="e">Mitwirkende/-r</marc:subfield>
   </marc:datafield>
   <marc:datafield ind1=" " ind2=" " tag="653">
      <marc:subfield code="a">Geschichte</marc:subfield>
   </marc:datafield>
   <marc:datafield ind1=" " ind2=" " tag="653">
      <marc:subfield code="a">Kultur</marc:subfield>
   </marc:datafield>
   <marc:datafield ind1=" " ind2=" " tag="653">
      <marc:subfield code="a">Lexika</marc:subfield>
   </marc:datafield>
   <marc:datafield ind1=" " ind2=" " tag="653">
      <marc:subfield code="a">CD</marc:subfield>
   </marc:datafield>
   <marc:datafield ind1="0" ind2="0" tag="245">
      <marc:subfield code="a">Rossija, Russland hören</marc:subfield>
   </marc:datafield>
   <marc:datafield ind1="0" ind2="0" tag="245">
      <marc:subfield code="b">das Hörbuch ; eine musikalisch illustrierte Reise durch die russische Kulturgeschichte</marc:subfield>
   </marc:datafield>
   <marc:datafield ind1="0" ind2="0" tag="245">
      <marc:subfield code="c">Sprecher: Rolf Becker. Text/Regie: Antje Hinz</marc:subfield>
   </marc:datafield>
   <marc:datafield ind1=" " ind2="1" tag="264">
      <marc:subfield code="a">Kayhude</marc:subfield>
      <marc:subfield code="b">Silberfuchs-Verlag Hören und Wissen</marc:subfield>
      <marc:subfield code="c">2007</marc:subfield>
   </marc:datafield>
   <marc:datafield ind1="1" ind2=" " tag="520">
      <marc:subfield code="a">Angaben aus der Verlagsmeldung

Russland Hören : Eine musikalisch illustrierte Reise durch die Kulturgeschichte Russlands. Von den Mythen bis in die Gegenwart / von Antje Hinz

01 Ungeklärte Anfänge: europäisch oder asiatisch?
02 Christianisierung: Entwicklung von Sprache und Schrift
03 Kiew: die Mutter aller russischen Städte
04 Nowgorod: die „neue Stadt“ unter westlichem Einfluss
05 Der Goldene Ring: Natur, Architektur und Volkskunst
06 Moskau: das dritte Rom und die Macht der Ikonen
07 Die Moskowitische Renaissance: Russlands Aufstieg zum Zarenreich
08 Kosakenaufstände und religiöses Theater: die Dynastie der Romanow
09 Aufbruch gen Westen: Sankt Petersburg unter Peter dem Großen
10 Französische Lebensart und italienische Oper: der Hof unter Katharina II.
11 Ein Zar gegen Napoleon für russische Ideale: Alexander I.
12 “Fenster nach Europa“: Sankt Petersburg in literarischen Portraits
13 Widerhall der russischen Kultur: das „Mächtige Häuflein“
14 Sehnsucht nach erfüllter Liebe: Peter Tschaikowsky
15 Keimzelle für Demokratie und Geist: die russische Intelligenzija
16 Vom schwarzen Quadrat zum roten Stern: die russische Avantgarde
17 Höhensprünge: das Ballett unter Sergej Diaghilew
18 Verleumdung, Verfolgung und Willkür: Stalins Schreckensherrschaft
19 „Volksverbunden und massenverständlich“: der Sozialistische Realismus
20 Patriotismus, Glaube und Kultur: Russland im Umbruch
</marc:subfield>
   </marc:datafield>
   <marc:datafield ind1=" " ind2=" " tag="020">
      <marc:subfield code="a">9783981072556</marc:subfield>
      <marc:subfield code="9">9783981072556</marc:subfield>
   </marc:datafield>
   <marc:datafield ind1=" " ind2=" " tag="020">
      <marc:subfield code="a">3981072553</marc:subfield>
      <marc:subfield code="9">3981072553</marc:subfield>
   </marc:datafield>
   <marc:datafield ind1=" " ind2=" " tag="041">
      <marc:subfield code="a">ger</marc:subfield>
   </marc:datafield>
   <marc:datafield ind1=" " ind2=" " tag="300">
      <marc:subfield code="a">1 CD</marc:subfield>
   </marc:datafield>
</marc:record>
